[Event "Challenge"]
[Site "http://www.queenalice.com/game.php?id=268543"]
[Date "2007.9.8"]
[Round "-"]
[White "Jorge"]
[Black "KILLAH"]
[Result "1-0"]
[WhiteElo "1515"]
[BlackElo "1244"]

1. e4 Na6 2. a3 d6 3. Bb5+ c6 4. Ba4 b5 5. Bb3 Nf6 6. f3 c5 7. d3 c4 8. dxc4
Qa5+ 9. Bd2 Nb4 10. Ne2 bxc4 11. Bxc4 d5 12. exd5 Nfxd5 13. Nbc3 Bf5 14. axb4
Qxb4 15. Bxd5 Qh4+ 16. g3 Qh3 17. Bxa8 e5 18. Bc6+ Bd7 19. Be4 f5 20. Bd5 f4 21.
Ng1 Qg2 22. Qe2 Qxh1 23. Bxf4 Qxg1+ 24. Qf1 Qxh2 25. Bxe5 Bh3 26. Bc6+ Ke7 27.
Nd5+ Kf7 28. Nf4 Bb4+ 29. c3 Qxg3+ 30. Qf2 Qxf2+ 31. Kxf2 Bc5+ 32. Bd4 g5 33.
Bd5+ 1-0

[Event "Challenge"]
[Site "http://www.queenalice.com/game.php?id=269820"]
[Date "2007.9.11"]
[Round "-"]
[White "cdare"]
[Black "Jorge"]
[Result "1-0"]
[WhiteElo "1655"]
[BlackElo "1476"]

1. e4 e5 2. Nf3 Nc6 3. Nc3 Nf6 4. Bc4 Bc5 5. O-O O-O 6. d3 d6 7. Qe1 Nd4 8. Nxd4
Bxd4 9. Nd5 Nxd5 10. Bxd5 c6 11. Bb3 Qf6 12. Be3 Bxb2 13. Rb1 Ba3 14. Qa5 Bc5
15. Bxc5 dxc5 16. Qxc5 Be6 17. Bxe6 fxe6 18. Rxb7 Rab8 19. Rxa7 Rb5 20. Qxc6 Rb1
21. Rxb1 Qxf2+ 22. Kh1 Qxa7 23. Qxe6+ Qf7 24. Qxf7+ Rxf7 25. Kg1 g5 26. a4 h5
27. a5 g4 28. a6 h4 29. Rb7 h3 30. Rxf7 Kxf7 31. a7 hxg2 32. a8=Q Kg6 33. Kxg2
Kg5 34. Qf8 Kh4 35. Qf5 g3 36. Qh3+ Kg5 37. Qxg3+ Kf6 38. h4 Ke6 39. h5 Kf6 40.
h6 1-0

[Event "Challenge"]
[Site "http://www.queenalice.com/game.php?id=272834"]
[Date "2007.9.17"]
[Round "-"]
[White "Jorge"]
[Black "fernandosoares"]
[Result "1-0"]
[WhiteElo "1534"]
[BlackElo "1303"]

1. e4 e5 2. Nf3 d6 3. Bc4 Nf6 4. Nc3 Bd7 5. O-O Be7 6. Ng5 Be6 7. Bxe6 fxe6 8.
Nxe6 Qd7 9. Nxg7+ Kf8 10. Nf5 Rg8 11. d3 d5 12. Bh6+ Kf7 13. Qf3 Bf8 14. Nxd5
Rg6 15. Bxf8 Nc6 16. Ba3 Nd4 17. Nxd4 exd4 18. Ne7 Rg7 19. Nf5 b6 20. Nxg7 Kxg7
21. e5 Nd5 22. Qg3+ Kf7 23. Qf3+ Ke6 24. Rae1 Qa4 25. Qg4+ Kf7 26. e6+ Kf6 27.
Qf3+ Kg5 28. Qxd5+ Kf6 29. Qe5+ Kg6 30. Qg3+ Kf5 31. Re5+ Kf6 32. Qf4+ Kg6 33.
Qf7+ Kh6 34. Qf6# 1-0

[Event "Challenge"]
[Site "http://www.queenalice.com/game.php?id=272835"]
[Date "2007.9.17"]
[Round "-"]
[White "Jorge"]
[Black "odairsmj"]
[Result "0-1"]
[WhiteElo "1534"]
[BlackElo "1477"]

1. e4 c5 2. c4 Nc6 3. Ne2 e6 4. a3 Nf6 5. d3 g6 6. Nec3 Bg7 7. Be2 d5 8. e5 Nxe5
9. O-O O-O 10. cxd5 exd5 11. Bg5 h6 12. Bf4 Re8 13. d4 cxd4 14. Nb5 d3 15. Bxd3
Bg4 16. Qb3 Nxd3 17. Qxd3 Be2 18. Nd6 Bxd3 19. Re1 Rxe1# 0-1

[Event "Challenge"]
[Site "http://www.queenalice.com/game.php?id=272836"]
[Date "2007.9.17"]
[Round "-"]
[White "Jorge"]
[Black "zecafernandes"]
[Result "1-0"]
[WhiteElo "1467"]
[BlackElo "1493"]

1. e4 e5 2. Nf3 Nc6 3. c3 a6 4. Bc4 g6 5. O-O Nf6 6. Ng5 Ng4 7. Qxg4 d5 8. Qf3
Qxg5 9. exd5 Bg4 10. Qg3 Na5 11. d4 Nxc4 12. Bxg5 Bf5 13. b3 Nd2 14. Nxd2 Bg7
15. Nf3 h6 16. Bd2 O-O-O 17. Nxe5 Rxd5 18. c4 Rxd4 19. Nf3 Rd3 20. Bf4 Rd7 21.
Ne5 Bxe5 22. Bxe5 Rhd8 23. f3 Re8 24. Rae1 Rd2 25. Bf4 Red8 26. Bxc7 R8d7 27.
Ba5 Rxa2 28. Re8+ Rd8 29. Qc7# 1-0

[Event "Challenge"]
[Site "http://www.queenalice.com/game.php?id=272873"]
[Date "2007.9.17"]
[Round "-"]
[White "Jorge"]
[Black "saravillas"]
[Result "1-0"]
[WhiteElo "1493"]
[BlackElo "1478"]

1. e4 Nc6 2. c3 Nf6 3. f3 g5 4. g4 d5 5. h3 a5 6. Bb5 Bd7 7. Qe2 dxe4 8. fxe4
Na7 9. Bc4 Bc6 10. Nf3 Bxe4 11. d3 Bc6 12. O-O h6 13. Na3 h5 14. Nxg5 e6 15. Ne4
b5 16. Bb3 Nxe4 17. dxe4 hxg4 18. Qxg4 Bc5+ 19. Kg2 f5 20. Qg6+ Kf8 21. Bh6+
Rxh6 22. Qxh6+ Ke8 23. Qxe6+ Be7 24. Qg6+ Kd7 25. Rad1+ Bd6 26. Qxf5+ 1-0

[Event "Challenge"]
[Site "http://www.queenalice.com/game.php?id=272874"]
[Date "2007.9.17"]
[Round "-"]
[White "Jorge"]
[Black "Hugo62"]
[Result "1-0"]
[WhiteElo "1484"]
[BlackElo "1276"]

1. e4 e5 2. Nf3 Nc6 3. c3 Nf6 4. d3 b6 5. Be2 Bd6 6. O-O Ba6 7. Bg5 O-O 8. Nbd2
Qe7 9. Qa4 Na5 10. Nc4 Nc6 11. Qxa6 Nb8 12. Qa4 g6 13. Bh6 Re8 14. Nxd6 Qxd6 15.
Rad1 Qc5 16. Be3 Qd6 17. d4 exd4 18. Rxd4 Qe7 19. Ng5 c6 20. Qd1 c5 21. Rc4 Nc6
22. Bf3 Na5 23. Ra4 Nc6 24. Bd2 a5 25. Re1 b5 26. Ra3 Ne5 27. b4 cxb4 28. cxb4
Nc4 29. Rd3 axb4 30. Bf4 Rxa2 31. Bd6 Nxd6 32. Rxd6 Qe5 33. Qc1 Qxd6 34. e5 Qd3
35. Ne4 Nh5 36. Nf6+ Nxf6 37. exf6 b3 38. h4 Rea8 39. Bxa8 Rxa8 40. Qh6 Qd2 41.
Qg7# 1-0

[Event "Challenge"]
[Site "http://www.queenalice.com/game.php?id=275077"]
[Date "2007.9.21"]
[Round "-"]
[White "Jorge"]
[Black "El_Montes"]
[Result "1-0"]
[WhiteElo "1492"]
[BlackElo "1671"]

1. e4 e5 2. Nf3 d6 3. Bc4 Nh6 4. d3 Bg4 5. c3 Qd7 6. a4 Nc6 7. b4 a6 8. O-O
O-O-O 9. d4 f5 10. Bd3 exd4 11. c4 Nxb4 12. h3 fxe4 13. Bxe4 Bf5 14. Bxf5 Nxf5
15. Nxd4 Nh4 16. Nf3 Nxg2 17. Kxg2 g6 18. Ba3 d5 19. Ne5 Qf5 20. Ng4 Qe4+ 21. f3
Qf4 22. Bxb4 Bxb4 23. Qb3 a5 24. Na3 Bd6 25. Rg1 Qg3+ 26. Kf1 Qxh3+ 27. Ke2
Rde8+ 28. Ne3 Qh2+ 29. Rg2 Qh6 30. Nc2 Qh3 31. cxd5 Qxg2+ 32. Kd3 Qxf3 33. Rb1
Qe4+ 34. Kd2 Rhf8 35. Qxb7+ Kd7 36. Qc6+ Ke7 37. Re1 Qh4 38. Nf5+ Kf6 39. Nxh4
Rxe1 40. Nxe1 Kg5 41. Nhf3+ Kg4 42. Qd7+ Kf4 43. Nd4 Rf6 44. Ne6+ Ke5 45. Nd3+
Kxd5 46. Nxc7+ Kd4 47. Nb5+ Kd5 48. Qb7+ Kc4 49. Qe4+ Kb3 50. Nc1+ Kb2 51. Qc2+
Ka1 52. Nb3# 1-0

[Event "Challenge"]
[Site "http://www.queenalice.com/game.php?id=275497"]
[Date "2007.9.22"]
[Round "-"]
[White "jumping"]
[Black "Jorge"]
[Result "1-0"]
[WhiteElo "1672"]
[BlackElo "1484"]

1. e4 e5 2. Nf3 Nc6 3. Bb5 Bc5 4. O-O Nf6 5. Nc3 O-O 6. Bxc6 dxc6 7. d3 Re8 8.
Bg5 Be7 9. Nxe5 Ng4 10. h3 Nxe5 11. Bf4 Bh4 12. Ne2 Ng6 13. c4 Nxf4 14. Nxf4 Bg5
15. Nh5 g6 16. Ng3 Qd4 17. b4 a5 18. bxa5 Rxa5 19. Ne2 Qe5 20. Re1 Qe7 21. Nd4
Rd5 22. cxd5 cxd5 23. exd5 Qd8 24. Nb5 Rxe1+ 25. Qxe1 Qxd5 26. Qe8+ Kg7 27. Nxc7
f5 28. Nxd5 Bf6 29. Nxf6 Kxf6 30. Qxc8 h5 31. Qd8+ Ke5 32. Re1+ Kf4 33. Qh4# 1-0

[Event "Challenge"]
[Site "http://www.queenalice.com/game.php?id=278347"]
[Date "2007.9.28"]
[Round "-"]
[White "Jorge"]
[Black "Ponce"]
[Result "0-1"]
[WhiteElo "1514"]
[BlackElo "1399"]

1. e4 e5 2. Nf3 Nc6 3. c3 d6 4. Bc4 h6 5. O-O h5 6. h4 Nf6 7. Nh2 Nxe4 8. Qf3
Nf6 9. d3 Be7 10. Qg3 Bg4 11. Nxg4 Nxg4 12. Nd2 Bxh4 13. Qf3 Bf6 14. Ne4 O-O 15.
Nxf6+ Nxf6 16. Bg5 Qd7 17. Bb5 Ng4 18. d4 exd4 19. Rad1 d5 20. Rxd4 Nxd4 21. Qd3
Nc6 22. Rd1 Qd6 23. Qf5 Qh2+ 24. Kf1 Qh1+ 25. Ke2 Rae8+ 26. Be3 Qh4 27. Qxd5 Rd8
28. Qc4 Rfe8 29. Rxd8 Rxd8 30. g3 Qh1 31. Bg5 Qd1# 0-1

[Event "Challenge"]
[Site "http://www.queenalice.com/game.php?id=278348"]
[Date "2007.9.28"]
[Round "-"]
[White "Jorge"]
[Black "segat"]
[Result "0-1"]
[WhiteElo "1496"]
[BlackElo "1448"]

1. e4 e5 2. Nf3 Nc6 3. Bc4 Nf6 4. O-O Bc5 5. c3 O-O 6. b4 Bd6 7. Na3 Nxe4 8. Nb5
Be7 9. d3 Nf6 10. Qc2 a6 11. Na3 b5 12. Bb3 d5 13. Bb2 Bg4 14. Rae1 e4 15. dxe4
dxe4 16. Rxe4 Bf5 17. Nd2 Nxe4 18. Nxe4 Ne5 19. f3 g5 20. Qf2 Nd3 21. Qg3 Nxb2
22. Nc5 h6 0-1

[Event "Challenge"]
[Site "http://www.queenalice.com/game.php?id=278351"]
[Date "2007.9.28"]
[Round "-"]
[White "Jorge"]
[Black "crisvolei"]
[Result "0-1"]
[WhiteElo "1508"]
[BlackElo "1316"]

1. e4 d6 2. Bc4 e6 3. Nc3 Be7 4. Nf3 Nf6 5. O-O d5 6. Ne5 dxc4 7. Qe2 h5 8. h3
Bc5 9. Qxc4 b6 10. Qb5+ c6 11. Nxc6 Qd7 12. Nxb8 Rxb8 13. Qe2 Bb4 14. d4 Bxc3
15. bxc3 O-O 16. e5 Nd5 17. Qxh5 Nxc3 18. Bb2 Qxd4 19. Ba3 Rd8 20. Rad1 Nxd1 21.
Rxd1 Qxd1+ 22. Kh2 Qxh5 23. Bc1 Rd1 24. Bf4 Ba6 25. g4 Qh4 26. Bg3 Qh6 27. h4
Bf1 28. g5 Qh5 29. c4 Rbd8 0-1

[Event "Challenge"]
[Site "http://www.queenalice.com/game.php?id=278354"]
[Date "2007.9.28"]
[Round "-"]
[White "Jorge"]
[Black "ebelote"]
[Result "0-1"]
[WhiteElo "1526"]
[BlackElo "1628"]

1. e4 e5 2. Nf3 Nc6 3. c3 Nf6 4. Bd3 Bc5 5. O-O d5 6. Ng5 dxe4 7. Nxe4 Nxe4 8.
Bxe4 f5 9. Bxc6+ bxc6 10. b4 Bb6 11. Na3 Qg5 12. d4 f4 13. dxe5 O-O 14. Qb3+ Kh8
15. Nc4 Be6 16. g3 Qg4 17. Qd1 Qh3 18. Qf3 Bxc4 19. Bxf4 Bd5 20. Qh1 Bxh1 21.
Kxh1 Rf5 22. Rae1 Re8 23. e6 Rxe6 24. Rg1 Rxe1 25. Rxe1 h6 26. Re8+ Kh7 27. Re1
Bxf2 28. Rf1 Qxf1# 0-1

[Event "Challenge"]
[Site "http://www.queenalice.com/game.php?id=278356"]
[Date "2007.9.28"]
[Round "-"]
[White "Jorge"]
[Black "Tessaro"]
[Result "0-1"]
[WhiteElo "1506"]
[BlackElo "1935"]

1. e4 c5 2. Bc4 e6 3. Nf3 Nc6 4. O-O Be7 5. d3 d6 6. Be3 Nf6 7. Nh4 Nd7 8. Nf3
a6 9. Nc3 b5 10. Bb3 O-O 11. a4 b4 12. Ne2 Bf6 13. Ng3 Bxb2 14. Rb1 Bc3 15. Bd2
Bxd2 16. Nxd2 Nb6 17. Nc4 Nd4 18. Nxb6 Qxb6 19. Bd5 exd5 20. exd5 Qa5 21. Nf5
Bxf5 22. g4 Bg6 23. f4 f5 24. gxf5 Rxf5 25. Rf2 Raf8 26. h4 Rxf4 27. Rxf4 Rxf4
28. c3 Nf3+ 29. Kf2 Ne5+ 30. Kg3 Rf3+ 31. Kh2 Ng4+ 32. Kg2 Ne3+ 33. Kxf3 Nxd1
34. Rxd1 Qxa4 35. Rc1 b3 36. Rb1 Qa2 37. Rh1 b2 38. h5 Bxh5+ 39. Rxh5 b1=Q 40.
Kf4 Qf1+ 41. Kg4 Qag2+ 42. Kh4 Qfh1# 0-1

[Event "Challenge"]
[Site "http://www.queenalice.com/game.php?id=278359"]
[Date "2007.9.28"]
[Round "-"]
[White "Jorge"]
[Black "juim"]
[Result "0-1"]
[WhiteElo "1504"]
[BlackElo "1715"]

1. e4 e5 2. Nf3 d6 3. Bb5+ Bd7 4. a4 Bxb5 5. axb5 Nf6 6. O-O Nxe4 7. d3 Nc5 8.
c4 Be7 9. b4 Ne6 10. Nc3 O-O 11. Nd5 Nd4 12. Nxd4 exd4 13. Re1 Re8 14. Bb2 Nd7
15. Bxd4 h6 16. Nxe7+ Rxe7 17. Rxe7 Qxe7 18. Qh5 Re8 19. Bc3 Ra8 20. Re1 Qf8 21.
c5 Re8 22. Rxe8 Qxe8 23. cxd6 Nf6 24. Qd1 Qd8 25. Be5 cxd6 26. Bd4 Nd5 27. g3 b6
28. Qf3 Nxb4 29. Qd1 Qg5 30. Be3 Qxb5 31. Qg4 Nxd3 32. Bxh6 Qb2 33. Qc8+ Kh7 34.
Be3 Nc5 35. Qh3+ Kg8 36. Qg4 a5 37. Bd4 Qc1+ 38. Kg2 Qh6 39. h4 Ne6 40. Bxb6 Qd2
41. Be3 Qd5+ 42. Kh2 Qe5 43. f4 Qxe3 44. f5 Qf2+ 45. Kh3 Nd4 46. f6 Qf1+ 47. Kh2
Nf3+ 48. Qxf3 Qxf3 49. fxg7 a4 50. h5 Qxh5+ 51. Kg2 a3 52. Kf2 a2 53. Ke3 a1=Q
54. Kf4 Qf6+ 55. Ke4 Qff5+ 56. Kd4 Qhg4+ 57. Ke3 Qge4+ 58. Kd2 Qd3+ 59. Ke1
Qff1# 0-1

[Event "Challenge"]
[Site "http://www.queenalice.com/game.php?id=284732"]
[Date "2007.10.11"]
[Round "-"]
[White "Jorge"]
[Black "cdare"]
[Result "0-1"]
[WhiteElo "1508"]
[BlackElo "1669"]

1. e4 e5 2. Bc4 Nf6 3. Nc3 Nc6 4. Nf3 Bc5 5. O-O d6 6. Na4 b6 7. c3 Nxe4 8. Nxc5
Nxc5 9. d4 exd4 10. cxd4 Ne4 11. Ng5 Nxg5 12. Re1+ Kf8 13. Bd5 Bd7 14. h4 Ne6
15. Be3 Qxh4 16. g3 Qf6 17. Qg4 Nc5 18. dxc5 Bxg4 19. Bxc6 Rd8 20. Rad1 Bxd1 21.
Rxd1 Qxb2 22. cxd6 cxd6 23. Bd4 Qc2 24. Re1 Qxc6 25. f4 f6 26. Re6 Qd5 27. Rxf6+
gxf6 28. Bxf6 Kf7 29. Bxh8 Rxh8 30. a3 Qd3 31. g4 Qxa3 0-1

[Event "Challenge"]
[Site "http://www.queenalice.com/game.php?id=289293"]
[Date "2007.10.19"]
[Round "-"]
[White "gilsinho22"]
[Black "Jorge"]
[Result "0-1"]
[WhiteElo "1539"]
[BlackElo "1478"]

1. e4 e5 2. Qh5 Nf6 3. Qxe5+ Be7 4. Nc3 Nc6 5. Qg3 O-O 6. e5 Nh5 7. Qe3 Bg5 8.
Qh3 Nf4 9. Qg4 Nxe5 10. Qf5 d6 11. Qe4 c6 12. Nf3 a5 13. Nxg5 Qxg5 14. d4 Neg6
15. Bxf4 Nxf4 16. Qe3 Nxg2+ 17. Bxg2 Qxg2 18. Ke2 Bg4+ 19. Kd3 Bf5+ 20. Kd2 d5
21. Rag1 Qg6 22. Rxg6 Bxg6 23. f4 Rae8 24. Qg3 Bxc2 25. Kxc2 Re6 26. f5 Rf6 27.
Rf1 b5 28. Qe5 b4 29. Ne2 a4 30. a3 b3+ 31. Kb1 h6 32. Ng3 g6 33. fxg6 Rxg6 34.
Nh5 f6 35. Nxf6+ Rfxf6 36. Rxf6 Rg1+ 37. Rf1 Rxf1+ 0-1

[Event "Challenge"]
[Site "http://www.queenalice.com/game.php?id=307791"]
[Date "2007.11.21"]
[Round "-"]
[White "cdare"]
[Black "Jorge"]
[Result "1-0"]
[WhiteElo "1724"]
[BlackElo "1489"]

1. e4 e5 2. Nf3 Nc6 3. Nc3 Nf6 4. Bc4 Nd4 5. d3 Bc5 6. Be3 Nxf3+ 7. Qxf3 d6 8.
h3 c6 9. Bxc5 dxc5 10. O-O O-O 11. a3 b5 12. Nxb5 cxb5 13. Bxb5 Bd7 14. Bxd7
Qxd7 15. b4 Rac8 16. bxc5 Rxc5 17. c4 g6 18. Qxf6 Qxd3 19. Qe7 Rcc8 20. Qxe5
Rxc4 21. f3 Qe3+ 22. Kh2 Rc5 23. Qf6 Qh6 24. a4 a5 25. Rfd1 Rc7 26. Qe5 Rcc8 27.
Qxa5 1-0

[Event "Challenge"]
[Site "http://www.queenalice.com/game.php?id=320576"]
[Date "2007.12.15"]
[Round "-"]
[White "Jorge"]
[Black "cdare"]
[Result "0-1"]
[WhiteElo "1496"]
[BlackElo "1717"]

1. Nf3 d5 2. d4 Nf6 3. h3 h6 4. Qd3 Nc6 5. Ne5 Nxe5 6. dxe5 Ne4 7. g4 e6 8. Bg2
Bc5 9. O-O Nxf2 10. Rxf2 Bxf2+ 11. Kxf2 b6 0-1